駅利用者数ランキングTOP100(愛知県) - Statistics

General Stats
  • This quiz has been taken 388 times
  • The average score is 58 of 100
Answer Stats
順位 駅名 乗降客数 % Correct
1 名古屋 791971
100%
9 豊橋 83713
98%
2 金山 460235
97%
4 220688
93%
23 岡崎 48153
91%
3 名鉄名古屋 272061
88%
8 千種 86448
87%
21 尾張一宮 49066
87%
6 大曽根 148095
85%
10 刈谷 77216
85%
55 安城 21126
84%
5 近鉄名古屋 173119
81%
26 東岡崎 35057
81%
76 蒲郡 16412
81%
34 知立 29951
80%
42 大府 26943
80%
46 豊田市 24088
80%
13 鶴舞 67202
79%
30 神宮前 31289
79%
31 名鉄一宮 30939
78%
7 伏見 92868
77%
27 春日井 34174
75%
16 上小田井 60132
73%
19 高蔵寺 51935
73%
11 藤が丘 73398
72%
35 中部国際空港 29863
68%
28 栄町 33857
67%
54 新安城 21561
67%
12 上飯田 69740
66%
65 八田 18599
66%
14 赤池 66896
65%
36 勝川 29046
65%
60 岩倉 19817
65%
17 久屋大通 54533
64%
77 太田川 16381
64%
22 今池 48441
63%
24 名古屋城 39568
63%
88 ナゴヤドーム前矢田 14246
63%
25 八事 35805
62%
75 新守山 16466
62%
29 丸の内 32126
61%
48 御器所 23562
60%
51 江南 22218
60%
72 稲沢 16755
60%
73 鳴海 16680
60%
32 本山 30862
59%
39 新瑞橋 27618
59%
56 徳重 20925
59%
18 星ヶ丘 52700
58%
33 新栄町 30505
58%
57 名古屋大学 20858
58%
20 上前津 49161
57%
79 東山公園 15740
57%
94 南大高 13738
57%
15 矢場町 65313
55%
52 高畑 22024
55%
58 大須観音 20515
55%
61 国府宮 19779
55%
81 笠寺 15233
55%
38 一社 28450
53%
43 神領 26672
53%
70 共和 18068
53%
44 堀田 26584
51%
69 前後 18314
51%
49 上社 22533
50%
96 栄生 13716
50%
62 覚王山 19465
48%
40 池下 27573
47%
41 中村公園 27125
47%
93 いりなか 13955
47%
80 東別院 15357
45%
87 車道 14444
45%
90 八事日赤 14225
44%
50 本郷 22266
43%
63 西春 19311
43%
67 砂田橋 18344
43%
37 黒川 28882
42%
71 平針 17052
42%
59 20255
41%
68 東刈谷 18342
39%
82 瑞穂区役所 15112
38%
64 高岳 19001
37%
84 茶屋ヶ坂 14828
37%
91 有松 14196
37%
47 塩釜口 24025
36%
66 植田 18376
36%
83 吹上 14884
36%
98 浄心 13482
36%
99 野並 13470
36%
74 本陣 16644
35%
92 八草 14112
35%
45 桜山 25222
34%
97 自由ヶ丘 13653
34%
78 岩塚 16178
33%
89 志賀本通 14242
33%
95 庄内通 13730
33%
85 六番町 14713
32%
53 日比野 21787
31%
86 東海通 14689
31%
100 新豊橋 13469
20%
No matching quizzes found
Score Distribution
Percent of People with Each Score
Percentile by Number Answered
Your Score History
You have not taken this quiz